Mirror for humanity (Бичлэгийн дугаар. 145720)
| 000 -УДИРДЛАГА | |
|---|---|
| Удирдлага | 01272nam a22004097a 4500 |
| 003 - ХЯНАЛТЫН ТОО ТОДОРХОЙЛОГЧ | |
| Код | MN-UlNUM |
| 005 - БИЧИЛТ ХИЙСЭН ОГНОО | |
| Тухайн бичилтийг бичсэн засварласан сүүлийн огноо | 20251124150003.0 |
| 008 - ЕРӨНХИЙ МЭДЭЭЛЭЛ | |
| Ерөнхий мэдээлэл | 140423s2005 mauab b 001 0 eng d |
| 020 ## - ISBN | |
| ISBN | 0072973285 |
| -- | 9780072973280 |
| 040 ## - БИЧЛЭГ ҮҮСГЭГЧ БАЙГУУЛЛАГА | |
| Бичлэг үүсгэгч номын сангийн код | МУИС-ийн номын сан |
| 084 ## - ББК АНГИЛАЛ | |
| ББК ангилал | 63.5 |
| Зохиогчийн гурван тэмдэгт | K 77 |
| Нэмэлт тусгалт | Бусад |
| Мэдлэгийн ялгаа | 63 - Түүх |
| 100 1# - ЗОХИОГЧ | |
| Зохиогчийн нэр | Kottak, Conrad Phillip |
| 245 10 - ҮНДСЭН ГАРЧИГ | |
| Номын нэр | Mirror for humanity |
| Бага гарчгийн мэдээ | A concise introduction to cultural anthropology |
| Оролцогчдын тухай мэдээ | Conrad Phillip Kottak |
| 250 ## - ДАХИН ХЭВЛЭЛТ | |
| Дахин гаралтын дугаар | 4th ed. |
| 260 ## - ГАРАЛТЫН МЭДЭЭ | |
| Хэвлэгдсэн газар | Boston |
| Хэвлэлийн газар | McGraw-Hill Higher Education |
| Хэвлэгдсэн он | 2005 |
| 300 ## - МАТЕРИАЛЫН ТОДОРХОЙЛОЛТ | |
| хуудасны тоо | xxv, 282, [60] p. |
| Бусад тоон мэдээлэл | ill, maps |
| Хэмжээ | 24 cm |
| 500 ## - Тайлбар | |
| Дансны дугаар | Гадаад фонд: 13801-13802, БС 5898 |
| 546 ## - ХЭЛНИЙ ТУХАЙ МЭДЭЭ | |
| Хэл | Англи хэл дээр, |
| 653 ## - Түлхүүр үг | |
| Түлхүүр үг | ethnology |
| 653 ## - Түлхүүр үг | |
| Түлхүүр үг | anthropology |
| 740 ## - НОМЫН ГАРЧИГ | |
| Гарчиг | Anthropology and its applications |
| 740 ## - НОМЫН ГАРЧИГ | |
| Гарчиг | Ethics and methods |
| 740 ## - НОМЫН ГАРЧИГ | |
| Гарчиг | Culture |
| 740 ## - НОМЫН ГАРЧИГ | |
| Гарчиг | Ethnicity and rase |
| 740 ## - НОМЫН ГАРЧИГ | |
| Гарчиг | Language and communication |
| 740 ## - НОМЫН ГАРЧИГ | |
| Гарчиг | Making and living |
| 740 ## - НОМЫН ГАРЧИГ | |
| Гарчиг | Political systems |
| 740 ## - НОМЫН ГАРЧИГ | |
| Гарчиг | Families, kinship and marriage |
| 740 ## - НОМЫН ГАРЧИГ | |
| Гарчиг | Gender |
| 740 ## - НОМЫН ГАРЧИГ | |
| Гарчиг | Religion |
| 740 ## - НОМЫН ГАРЧИГ | |
| Гарчиг | The modern world system |
| 740 ## - НОМЫН ГАРЧИГ | |
| Гарчиг | Colonialism and development |
| 740 ## - НОМЫН ГАРЧИГ | |
| Гарчиг | Cultural exchange and survival |
| 942 ## - ЭЛЕМЕНТИЙН ТӨРӨЛ | |
| Зүйлийн төрөл | Ном |
